[Event "Quebec op"]
[Site "Montreal CAN"]
[Date "1988.07.29"]
[Round "6"]
[White "Morin, Roch"]
[Black "Morin, Louis"]
[Result "0-1"]
[WhiteElo "2031"]
[BlackElo "1865"]
[PlyCount "50"]
[GameId "2160767912520518"]
[EventDate "1988.07.24"]
[EventType "swiss"]
[EventRounds "8"]
[EventCountry "CAN"]
[SourceTitle "FQE 03"]

1. e4 e5 2. Bc4 Nf6 3. d3 c6 4. Qe2 Bc5 5. Bg5 O-O 6. Nc3 d6 7. Nf3 Be6 8. O-O Nbd7 9. Rad1 b5 10. Bxe6 fxe6 11. d4 exd4 12. Nxd4 Bxd4 13. Rxd4 Qc7 14. Rfd1 d5 15. exd5 exd5 16. Rh4 Rae8 17. Qd3 Nc5 18. Qh3 Qd7 19. g4 b4 20. Be3 Rxe3 21. Qxe3 bxc3 22. Qxc5 g5 23. Rh3 Qxg4+ 24. Rg3 Qxd1+ 25. Kg2 Ne4 0-1

[Event "Quebec op"]
[Site "Montreal CAN"]
[Date "1988.07.29"]
[Round "6"]
[White "Pepin, Christian"]
[Black "Lagasse, Pascal"]
[Result "0-1"]
[WhiteElo "1852"]
[BlackElo "1881"]
[PlyCount "64"]
[GameId "2160767912520519"]
[EventDate "1988.07.24"]
[EventType "swiss"]
[EventRounds "8"]
[EventCountry "CAN"]
[SourceTitle "FQE 03"]

1. e4 c5 2. Nc3 Nc6 3. g3 g6 4. Bg2 Bg7 5. f4 e6 6. Nf3 Nge7 7. d3 O-O 8. O-O d5 9. e5 b6 10. Qe1 Ba6 11. g4 Qc7 12. Qh4 Nd4 13. Rf2 Nec6 14. Be3 Rfc8 15. Raf1 Nxf3+ 16. Rxf3 d4 17. Ne4 dxe3 18. Nf6+ Kf8 19. Qxh7 e2 20. Re1 Ne7 21. Rxe2 Bb7 22. Rg3 Bxg2 23. Rexg2 Qd8 24. Rf2 c4 25. h4 c3 26. bxc3 Rxc3 27. h5 Qd4 28. g5 Rxc2 29. Rgf3 Rxf2 30. Rxf2 Rc8 31. Ne4 gxh5 32. Kg2 Qxd3 0-1

[Event "Quebec op"]
[Site "Montreal CAN"]
[Date "1988.07.29"]
[Round "6"]
[White "Rousseau, Daniel"]
[Black "Benson, Daniel"]
[Result "1/2-1/2"]
[WhiteElo "1961"]
[BlackElo "1838"]
[PlyCount "90"]
[GameId "2160767912520520"]
[EventDate "1988.07.24"]
[EventType "swiss"]
[EventRounds "8"]
[EventCountry "CAN"]
[SourceTitle "FQE 03"]

1. e4 c5 2. Nf3 e6 3. d4 cxd4 4. Nxd4 Nf6 5. Nc3 a6 6. a4 Nc6 7. Nb3 d6 8. Be2 Be7 9. Be3 b6 10. O-O O-O 11. f4 Bb7 12. Bf3 Qc7 13. Qe2 Rac8 14. g4 Rfd8 15. g5 Nd7 16. Bg2 Nb4 17. Rac1 Nc5 18. Nd4 d5 19. e5 Ne4 20. Nb1 Qc4 21. Qh5 g6 22. Qh6 Bf8 23. Qh4 Na2 24. Rcd1 Qxa4 25. Rf3 Be7 26. Qe1 Nb4 27. b3 Qe8 28. c3 Nc6 29. h4 Nxd4 30. Bxd4 Bc5 31. h5 Qe7 32. Kh2 Rd7 33. Nd2 Bxd4 34. cxd4 Nxd2 35. Rxd2 Qb4 36. Qe3 Rdc7 37. f5 Rc3 38. Qf4 Rxf3 39. Bxf3 gxf5 40. g6 Qe7 41. Rg2 fxg6 42. hxg6 Kh8 43. g7+ Kg8 44. Qh6 Bc6 45. Bh5 Qh4+ 1/2-1/2

[Event "Quebec op"]
[Site "Montreal CAN"]
[Date "1988.07.29"]
[Round "6"]
[White "Trottier, Alain"]
[Black "Cazelais, Marc"]
[Result "1/2-1/2"]
[WhiteElo "1787"]
[BlackElo "2043"]
[PlyCount "61"]
[GameId "2160767912520521"]
[EventDate "1988.07.24"]
[EventType "swiss"]
[EventRounds "8"]
[EventCountry "CAN"]
[SourceTitle "FQE 03"]

1. e4 d6 2. c4 Nf6 3. Nc3 g6 4. d4 Bg7 5. Be2 O-O 6. h3 e5 7. Be3 exd4 8. Bxd4 Nc6 9. Be3 Re8 10. Bd3 Ne5 11. Nge2 c6 12. O-O a5 13. Rc1 Qe7 14. Ng3 Be6 15. b3 d5 16. cxd5 cxd5 17. Bb1 dxe4 18. Ncxe4 Nxe4 19. Nxe4 Red8 20. Qe2 Rac8 21. Qb5 Qh4 22. Ng5 Bd7 23. Rxc8 Rxc8 24. Qxb7 h6 25. Nf3 Nxf3+ 26. Qxf3 Be6 27. Rd1 a4 28. Rc1 Rxc1+ 29. Bxc1 axb3 30. axb3 Qb4 31. Qe2 1/2-1/2

[Event "Quebec op"]
[Site "Montreal CAN"]
[Date "1988.07.29"]
[Round "6"]
[White "Zalys, Ignas"]
[Black "Roy, Alain"]
[Result "1/2-1/2"]
[WhiteElo "1895"]
[BlackElo "2109"]
[PlyCount "104"]
[GameId "2160767912520522"]
[EventDate "1988.07.24"]
[EventType "swiss"]
[EventRounds "8"]
[EventCountry "CAN"]
[SourceTitle "EXT 2002"]
[Source "ChessBase"]
[SourceDate "2001.11.25"]
[SourceVersion "1"]
[SourceVersionDate "2001.11.25"]
[SourceQuality "1"]

1. e4 d6 2. d4 Nf6 3. Nc3 g6 4. Nf3 Bg7 5. Be2 O-O 6. O-O c6 7. a4 a5 8. Bg5 Nbd7 9. Qd2 e5 10. dxe5 dxe5 11. Rfd1 Qc7 12. Bh6 Nc5 13. Bxg7 Kxg7 14. Qe3 Qe7 15. h3 Nh5 16. Bf1 f6 17. g3 Be6 18. Rd2 Rad8 19. Rad1 b6 20. Rxd8 Rxd8 21. Rxd8 Qxd8 22. Qd2 Qxd2 23. Nxd2 f5 24. exf5 gxf5 25. Nc4 Nd7 26. Kh2 Nhf6 27. Ne3 Nd5 28. Bc4 N7f6 29. Ncd1 Nxe3 30. Nxe3 Nd5 31. c3 Kf6 32. Nc2 c5 33. Na3 e4 34. Bb3 h6 35. h4 Ke7 36. Kg1 Kf6 37. Ba2 Ke7 38. Bb3 Kf6 39. Ba2 Ke5 40. Nc4+ Kf6 41. Nd2 e3 42. fxe3 Nxe3 43. Bxe6 Kxe6 44. b3 Kd5 45. Kf2 Nd1+ 46. Kf3 Nxc3 47. Nc4 b5 48. axb5 Nxb5 49. Nxa5 Nd4+ 50. Kf4 Ke6 51. g4 fxg4 52. Kxg4 Kf6 1/2-1/2

[Event "Quebec op"]
[Site "Montreal CAN"]
[Date "1988.07.29"]
[Round "7"]
[White "Morin, Louis"]
[Black "Berube, Richard"]
[Result "1/2-1/2"]
[WhiteElo "1865"]
[BlackElo "2172"]
[PlyCount "117"]
[GameId "2160767912520523"]
[EventDate "1988.07.24"]
[EventType "swiss"]
[EventRounds "8"]
[EventCountry "CAN"]
[SourceTitle "hb 2013"]

1. e4 c5 2. c3 d5 3. exd5 Qxd5 4. d4 e6 5. Nf3 Nf6 6. Bd3 cxd4 7. cxd4 Nc6 8. Nc3 Qd8 9. O-O Be7 10. Bg5 O-O 11. Qd2 Nd5 12. h4 f6 13. Nxd5 exd5 14. Bf4 Bg4 15. Nh2 Qd7 16. a3 Bf5 17. Bxf5 Qxf5 18. g4 Qd7 19. Rac1 Rfe8 20. b4 a6 21. Rfe1 Bf8 22. f3 Rxe1+ 23. Rxe1 Re8 24. Rxe8 Qxe8 25. Qe3 Qxe3+ 26. Bxe3 b5 27. Nf1 a5 28. bxa5 Nxa5 29. Bd2 Nc4 30. Bb4 Nxa3 31. Bxa3 Bxa3 32. Ne3 Bb2 33. Nc2 Bc3 34. Kf2 Kf7 35. Ke3 Ke6 36. Na3 b4 37. Nb5 Be1 38. Nc7+ Kd6 39. Ne8+ Kc6 40. h5 b3 41. Kd3 Kb5 42. h6 gxh6 43. Nxf6 b2 44. Kc2 Kc4 45. Kxb2 Kxd4 46. Kc2 Bh4 47. Nxd5 Kxd5 48. Kd3 Ke5 49. Ke2 Kf4 50. Kf1 Kg3 51. Kg1 Be7 52. f4 Bd8 53. f5 Bf6 54. Kh1 Kf2 55. Kh2 Be5+ 56. Kh1 Bf6 57. Kh2 Kf1 58. Kh1 Be5 59. f6 1/2-1/2

[Event "Quebec op"]
[Site "Montreal CAN"]
[Date "1988.07.30"]
[Round "7"]
[White "Barbeau, Sylvain"]
[Black "Levtchouk, George"]
[Result "1/2-1/2"]
[WhiteElo "2358"]
[BlackElo "2317"]
[PlyCount "39"]
[GameId "2160767912520524"]
[EventDate "1988.07.24"]
[EventType "swiss"]
[EventRounds "8"]
[EventCountry "CAN"]
[SourceTitle "FQE 03"]

1. d4 g6 2. c4 Bg7 3. Nc3 d6 4. e3 Nf6 5. Bd3 O-O 6. Nge2 c5 7. O-O Nc6 8. b3 b6 9. Bb2 Bb7 10. Rc1 Rc8 11. d5 Ne5 12. Bb1 a6 13. a4 e6 14. e4 exd5 15. exd5 Re8 16. h3 Rc7 17. f4 Ned7 18. Qd2 Nf8 19. Rce1 Rce7 20. Ng3 1/2-1/2

[Event "Quebec op"]
[Site "Montreal CAN"]
[Date "1988.07.30"]
[Round "7"]
[White "Beaudry, Marc-Andre"]
[Black "Bolduc, Steve"]
[Result "0-1"]
[WhiteElo "1874"]
[BlackElo "2076"]
[PlyCount "58"]
[GameId "2160767912520525"]
[EventDate "1988.07.24"]
[EventType "swiss"]
[EventRounds "8"]
[EventCountry "CAN"]
[SourceTitle "FQE 03"]

1. c4 Nf6 2. Nc3 c6 3. d4 d5 4. Nf3 e6 5. Bg5 h6 6. Bxf6 Qxf6 7. e3 Qd8 8. Bd3 Be7 9. O-O Nd7 10. e4 dxc4 11. Bxc4 O-O 12. Qe2 a6 13. Rad1 b5 14. Bb3 Qc7 15. d5 Nc5 16. dxe6 Bxe6 17. Bxe6 Nxe6 18. e5 Rfd8 19. b3 Qa5 20. Ne4 Qb4 21. Rfe1 Rd5 22. Rxd5 cxd5 23. Ng3 g6 24. Rc1 Rd8 25. Qd2 Qa3 26. Rc6 d4 27. Qxh6 Qxa2 28. Rxe6 Qb1+ 29. Nf1 fxe6 0-1

[Event "Quebec op"]
[Site "Montreal CAN"]
[Date "1988.07.30"]
[Round "7"]
[White "Desforges, Jean"]
[Black "Ross, Dave"]
[Result "0-1"]
[WhiteElo "2106"]
[BlackElo "2244"]
[PlyCount "74"]
[GameId "2160767912520526"]
[EventDate "1988.07.24"]
[EventType "swiss"]
[EventRounds "8"]
[EventCountry "CAN"]
[SourceTitle "EXT 2022"]
[Source "ChessBase"]
[SourceDate "2021.10.06"]
[SourceVersion "1"]
[SourceVersionDate "2021.10.06"]
[SourceQuality "1"]

1. d4 d5 2. c4 e6 3. Nf3 c5 4. cxd5 exd5 5. g3 Nc6 6. Bg2 Nf6 7. O-O Be7 8. Nc3 O-O 9. dxc5 d4 10. Na4 Bf5 11. Bf4 Be4 12. a3 Qd5 13. b4 Rad8 14. Qd2 d3 15. Nc3 Qc4 16. Rac1 Bxf3 17. Bxf3 Nd4 18. Qa2 Nxf3+ 19. exf3 Qa6 20. Qd2 Qc6 21. Kg2 Nd5 22. Nxd5 Rxd5 23. Rfe1 Bf6 24. Rcd1 h6 25. h4 Re8 26. Re3 Rxe3 27. Qxe3 Qb5 28. Qe4 Rd4 29. Qe3 Qc4 30. Qc1 Qd5 31. Qd2 g5 32. Be3 g4 33. Bxd4 Qxf3+ 34. Kg1 Bxd4 35. Re1 Qxg3+ 36. Kf1 Qh3+ 37. Kg1 g3 0-1

[Event "Quebec op"]
[Site "Montreal CAN"]
[Date "1988.07.30"]
[Round "7"]
[White "Roy, Alain"]
[Black "Marquis, Paul"]
[Result "1-0"]
[WhiteElo "2109"]
[BlackElo "1863"]
[PlyCount "81"]
[GameId "2160767912520528"]
[EventDate "1988.07.24"]
[EventType "swiss"]
[EventRounds "8"]
[EventCountry "CAN"]
[SourceTitle "FQE 03"]

1. c4 c5 2. Nc3 Nc6 3. Nf3 Nf6 4. d4 cxd4 5. Nxd4 d6 6. e4 g6 7. Be2 Bg7 8. Be3 O-O 9. O-O Bd7 10. b3 Nxd4 11. Bxd4 Bc6 12. f3 Qa5 13. a3 Nd7 14. b4 Bxd4+ 15. Qxd4 Qb6 16. Rfd1 Qxd4+ 17. Rxd4 b6 18. Nd5 Bxd5 19. cxd5 Rac8 20. Bb5 Nb8 21. f4 Rc3 22. Rd3 Rfc8 23. Rxc3 Rxc3 24. Kf2 Kf8 25. Ke2 a6 26. Bd3 Ke8 27. Ke3 Kd8 28. Kd4 Rc7 29. g4 Kc8 30. g5 Kb7 31. e5 dxe5+ 32. fxe5 Rd7 33. b5 a5 34. Rf1 e6 35. d6 Kc8 36. Be4 Kd8 37. Bc6 Ra7 38. a4 Kc8 39. h4 Kd8 40. h5 gxh5 41. Rf6 1-0

[Event "Quebec op"]
[Site "Montreal CAN"]
[Date "1988.07.30"]
[Round "7"]
[White "Vallieres, Mario"]
[Black "Leveille, Francois"]
[Result "0-1"]
[WhiteElo "2014"]
[BlackElo "2284"]
[PlyCount "70"]
[GameId "2160767912520529"]
[EventDate "1988.07.24"]
[EventType "swiss"]
[EventRounds "8"]
[EventCountry "CAN"]
[SourceTitle "FQE 03"]

1. d4 d5 2. Nc3 c6 3. Bg5 h6 4. Bh4 Qb6 5. Na4 Qa5+ 6. c3 e5 7. a3 Nd7 8. b4 Qc7 9. Bg3 Bd6 10. e3 Ne7 11. Nb2 O-O 12. c4 exd4 13. exd4 Nf5 14. Be2 a5 15. Bxd6 Qxd6 16. c5 Qf6 17. Nf3 axb4 18. a4 Nxc5 19. dxc5 Qxb2 20. O-O Ra5 21. Rb1 Qf6 22. Rxb4 Rxc5 23. Qd2 Qc3 24. Qf4 d4 25. Rfb1 Rd5 26. Bc4 Rdd8 27. g4 Ne7 28. R1b3 Qc2 29. Ne1 Qd1 30. Qe5 Ng6 31. Qe4 Rfe8 32. Qxg6 Rxe1+ 33. Kg2 Rg1+ 34. Kh3 Qxg4+ 35. Qxg4 Bxg4+ 0-1

[Event "Quebec op"]
[Site "Montreal CAN"]
[Date "1988.07.30"]
[Round "7"]
[White "Zalys, Ignas"]
[Black "Morin, Roch"]
[Result "0-1"]
[WhiteElo "1895"]
[BlackElo "2031"]
[PlyCount "48"]
[GameId "2160767912520530"]
[EventDate "1988.07.24"]
[EventType "swiss"]
[EventRounds "8"]
[EventCountry "CAN"]
[SourceTitle "EXT 2002"]
[Source "ChessBase"]
[SourceDate "2001.11.25"]
[SourceVersion "1"]
[SourceVersionDate "2001.11.25"]
[SourceQuality "1"]

1. e4 e5 2. Nf3 Nc6 3. Bb5 f5 4. Nc3 fxe4 5. Nxe4 d5 6. Ng3 Bg4 7. h3 Bxf3 8. Qxf3 Nf6 9. c4 e4 10. Qe2 Bc5 11. O-O O-O 12. cxd5 Nd4 13. Qc4 Qd6 14. Kh1 a6 15. b4 Ba7 16. Ba4 b5 17. Qc3 bxa4 18. d3 Nxd5 19. Qc4 exd3 20. Ne4 Qc6 21. Nc5 Bxc5 22. bxc5 Ne6 23. Qxd3 Ndf4 24. Qg3 Rf6 0-1

[Event "Quebec op"]
[Site "Montreal CAN"]
[Date "1988.07.31"]
[Round "8"]
[White "Berube, Richard"]
[Black "Desforges, Jean"]
[Result "0-1"]
[WhiteElo "2172"]
[BlackElo "2106"]
[PlyCount "102"]
[GameId "2160767912520531"]
[EventDate "1988.07.24"]
[EventType "swiss"]
[EventRounds "8"]
[EventCountry "CAN"]
[SourceTitle "hb 2012"]

1. e4 d5 2. exd5 Nf6 3. d4 Nxd5 4. c4 Nb6 5. Nc3 e5 6. Nf3 Bg4 7. Be2 Nc6 8. dxe5 Qxd1+ 9. Nxd1 Bb4+ 10. Kf1 O-O-O 11. a3 Bxf3 12. gxf3 Bd2 13. f4 Na5 14. Bxd2 Rxd2 15. Ne3 Rxb2 16. c5 Na4 17. Nc4 Rxe2 18. Kxe2 Nxc4 19. Rhc1 Na5 20. Rab1 b6 21. cxb6 axb6 22. Rb4 Nc5 23. Rd1 Nc6 24. Rb2 Rd8 25. Rxd8+ Kxd8 26. Ke3 Ke7 27. Rb1 g6 28. h4 h5 29. Rc1 Kd7 30. Rg1 Ne7 31. Rh1 Nf5+ 32. Kf3 Kc6 33. Kg2 Ne6 34. Kf3 Ned4+ 35. Ke4 Kd7 36. a4 c6 37. Rd1 Kc7 38. Rxd4 Nxd4 39. Kxd4 Kd7 40. f3 Ke6 41. Ke4 c5 42. Kd3 Kd5 43. Kc3 c4 44. Kc2 Kd4 45. Kd2 c3+ 46. Kd1 Kd3 47. Kc1 c2 48. f5 gxf5 49. f4 Kc3 50. e6 fxe6 51. a5 b5 0-1

[Event "Quebec op"]
[Site "Montreal CAN"]
[Date "1988.07.31"]
[Round "8"]
[White "Billard, Michel"]
[Black "Leveille, Francois"]
[Result "0-1"]
[WhiteElo "2040"]
[BlackElo "2284"]
[PlyCount "130"]
[GameId "2160767912520532"]
[EventDate "1988.07.24"]
[EventType "swiss"]
[EventRounds "8"]
[EventCountry "CAN"]
[SourceTitle "FQE 03"]

1. e4 c6 2. d4 d5 3. Nc3 dxe4 4. Nxe4 Bf5 5. Bd3 Qxd4 6. Nf3 Qd8 7. Qe2 e6 8. O-O Bxe4 9. Bxe4 Nf6 10. Bg5 Be7 11. Rad1 Qc7 12. Rfe1 Nbd7 13. Bf5 O-O 14. Qc4 Nb6 15. Qe2 Rfe8 16. Bd3 Nbd7 17. c4 Rad8 18. Bb1 Nf8 19. Rc1 Ng6 20. g3 Nd7 21. h4 Ngf8 22. Kg2 f6 23. Rh1 e5 24. Be3 Bc5 25. Bxc5 Nxc5 26. b4 Nce6 27. Qe4 Nd4 28. Rcd1 Nxf3 29. Qxf3 Rxd1 30. Rxd1 Rd8 31. c5 Rxd1 32. Qxd1 g6 33. h5 Kg7 34. hxg6 hxg6 35. a3 Qd7 36. Qc2 f5 37. Ba2 Kf6 38. Qc4 a6 39. Qh4+ Kg7 40. Qc4 Kf6 41. Qg8 Qg7 42. Qc4 Qe7 43. Bb3 g5 44. g4 Ne6 45. gxf5 Nf4+ 46. Kf3 Qh7 47. Ke3 Nd5+ 48. Kd2 Qxf5 49. Qe2 Qf4+ 50. Kc2 Ne7 51. Kb1 g4 52. Bc2 Qd4 53. Qe1 Nd5 54. Qh1 Kg5 55. Qh8 Qxf2 56. Qxe5+ Kh4 57. Qh8+ Kg3 58. Qb8+ Kf3 59. Qxb7 Qe1+ 60. Kb2 Qe5+ 61. Kb1 g3 62. Qh7 Kf2 63. Bd3 Qf4 64. Bxa6 Qe4+ 65. Qxe4 Nc3+ 0-1

[Event "Quebec op"]
[Site "Montreal CAN"]
[Date "1988.07.31"]
[Round "8"]
[White "McCrea, Grant"]
[Black "Labelle, Jacques"]
[Result "0-1"]
[WhiteElo "1940"]
[BlackElo "2094"]
[PlyCount "78"]
[GameId "2160767912520534"]
[EventDate "1988.07.24"]
[EventType "swiss"]
[EventRounds "8"]
[EventCountry "CAN"]
[SourceTitle "FQE 03"]

1. c4 Nf6 2. g3 g6 3. Bg2 Bg7 4. Nc3 O-O 5. e4 d6 6. Nge2 Nbd7 7. O-O a6 8. h3 e5 9. f4 exf4 10. Nxf4 c6 11. a4 a5 12. d4 Re8 13. Qf3 Qb6 14. c5 dxc5 15. e5 cxd4 16. Ncd5 cxd5 17. Nxd5 Nxe5 18. Nxb6 Nxf3+ 19. Bxf3 Ra7 20. Bf4 Bxh3 21. Rfe1 Ra6 22. Bc7 Bf8 23. Be2 Ra7 24. Bb5 Rxe1+ 25. Rxe1 Bc5 26. Kh2 Be6 27. Rc1 Bxb6 28. Bxb6 Ra8 29. Bxd4 Nd5 30. Rc5 Rd8 31. Bc4 Nb6 32. Bxe6 Rxd4 33. Rb5 fxe6 34. Rxb6 Rb4 35. Rxe6 Rxb2+ 36. Kh3 Kf7 37. Re5 b6 38. Rd5 Ke6 39. Rd8 Rb4 0-1

[Event "Quebec op"]
[Site "Montreal CAN"]
[Date "1988.07.31"]
[Round "8"]
[White "Parent, Francois"]
[Black "Marquis, Paul"]
[Result "1-0"]
[WhiteElo "1802"]
[BlackElo "1863"]
[PlyCount "45"]
[GameId "2160767912520535"]
[EventDate "1988.07.24"]
[EventType "swiss"]
[EventRounds "8"]
[EventCountry "CAN"]
[SourceTitle "FQE 03"]

1. d4 Nf6 2. c4 e6 3. Nf3 Bb4+ 4. Bd2 Qe7 5. a3 Bxd2+ 6. Qxd2 a5 7. Nc3 b6 8. e4 Bb7 9. Bd3 d6 10. O-O e5 11. Rae1 O-O 12. Nd5 Nxd5 13. exd5 f6 14. Nh4 Qf7 15. dxe5 fxe5 16. f4 Qh5 17. g3 exf4 18. Rxf4 Rxf4 19. Qxf4 Nd7 20. Bf5 Re8 21. Rxe8+ Qxe8 22. Be6+ Kh8 23. Bxd7 1-0

[Event "Quebec op"]
[Site "Montreal CAN"]
[Date "1988.07.31"]
[Round "8"]
[White "Roy, Alain"]
[Black "Rousseau, Daniel"]
[Result "1-0"]
[WhiteElo "2109"]
[BlackElo "1961"]
[PlyCount "99"]
[GameId "2160767912520537"]
[EventDate "1988.07.24"]
[EventType "swiss"]
[EventRounds "8"]
[EventCountry "CAN"]
[SourceTitle "FQE 03"]

1. c4 Nf6 2. Nc3 g6 3. e4 d6 4. d4 Bg7 5. Nf3 O-O 6. Be2 e5 7. O-O Nc6 8. d5 Ne7 9. b4 Nh5 10. c5 f5 11. cxd6 cxd6 12. Ng5 Nf4 13. Bxf4 exf4 14. Rc1 h6 15. Ne6 Bxe6 16. dxe6 Bxc3 17. Rxc3 fxe4 18. Qd4 d5 19. Bb5 Qb6 20. Qxb6 axb6 21. Rc7 Nf5 22. Rfc1 Nd6 23. e7 Rfb8 24. Bd7 Ne8 25. Be6+ Kg7 26. Rd7 d4 27. Rxd4 Kf6 28. Bb3 Kxe7 29. Rxe4+ Kf6 30. Rxf4+ Kg7 31. Rf7+ Kh8 32. Re1 Nd6 33. Rf6 Re8 34. Rd1 Nf5 35. Rxg6 Re7 36. Rxb6 Rae8 37. g3 h5 38. Rf6 Re1+ 39. Rxe1 Rxe1+ 40. Kg2 Nd4 41. Rh6+ Kg7 42. Rxh5 b5 43. Rd5 Re4 44. Bd1 Nc6 45. Rxb5 Nxb4 46. Bb3 Nd3 47. Rf5 Kg6 48. Rd5 Ne1+ 49. Kf1 Re7 50. Bd1 1-0

[Event "Quebec op"]
[Site "Montreal CAN"]
[Date "1988.07.31"]
[Round "8"]
[White "Savage, Philippe"]
[Black "Zalys, Ignas"]
[Result "0-1"]
[WhiteElo "1700"]
[BlackElo "1895"]
[PlyCount "130"]
[GameId "2160767912520538"]
[EventDate "1988.07.24"]
[EventType "swiss"]
[EventRounds "8"]
[EventCountry "CAN"]
[SourceTitle "EXT 2002"]
[Source "ChessBase"]
[SourceDate "2001.11.25"]
[SourceVersion "1"]
[SourceVersionDate "2001.11.25"]
[SourceQuality "1"]

1. e4 c5 2. Nf3 Nc6 3. d4 cxd4 4. Nxd4 Nf6 5. Nc3 e5 6. Ndb5 d6 7. Bg5 a6 8. Na3 b5 9. Nd5 Be7 10. Nxe7 Qxe7 11. f3 O-O 12. c3 Bb7 13. Nc2 Qe6 14. Qd2 Rfd8 15. Ne3 Ne7 16. c4 Rac8 17. b3 h6 18. Bxf6 Qxf6 19. Rd1 Qh4+ 20. Qf2 Qxf2+ 21. Kxf2 b4 22. Nf5 Nxf5 23. exf5 d5 24. Bd3 d4 25. Rhe1 f6 26. a3 a5 27. axb4 axb4 28. Ra1 Ra8 29. Ke2 Bc6 30. Kd2 Kf7 31. Kc2 Ke7 32. Kb2 Kd6 33. Rxa8 Rxa8 34. Ra1 Re8 35. Ra6 Kc5 36. Ra7 e4 37. fxe4 Bxe4 38. Bxe4 Rxe4 39. Rxg7 Re2+ 40. Kc1 d3 41. Rd7 Rc2+ 42. Kd1 Rc3 43. Rd5+ Kc6 44. Kd2 Rxb3 45. Rxd3 Rb2+ 46. Kc1 Rxg2 47. Rd5 Rxh2 48. Rb5 Rf2 49. Rxb4 Rxf5 50. Rb8 Kd6 51. Kd2 Re5 52. Kd3 h5 53. Kd4 Rg5 54. Rb6+ Ke7 55. c5 h4 56. Rb7+ Ke6 57. Rb6+ Kf5 58. c6 Rg8 59. c7 Rc8 60. Rc6 h3 61. Ke3 h2 62. Rc1 Kg4 63. Kf2 Rxc7 64. Rf1 Rc2+ 65. Ke3 f5 0-1

[Event "Quebec op"]
[Site "Montreal CAN"]
[Date "1988.07.31"]
[Round "8"]
[White "Spraggett, Grant"]
[Black "Morin, Louis"]
[Result "1-0"]
[WhiteElo "2296"]
[BlackElo "1865"]
[PlyCount "99"]
[GameId "2160767912520539"]
[EventDate "1988.07.24"]
[EventType "swiss"]
[EventRounds "8"]
[EventCountry "CAN"]
[SourceTitle "FQE 03"]

1. Nf3 Nf6 2. c4 e6 3. g3 d5 4. Bg2 c5 5. O-O Nc6 6. cxd5 exd5 7. d4 Be7 8. Nc3 O-O 9. dxc5 Bxc5 10. Bg5 d4 11. Bxf6 Qxf6 12. Nd5 Qd8 13. Nd2 Be6 14. Nf4 Rc8 15. a3 Re8 16. b4 Bf8 17. Nxe6 fxe6 18. Be4 Qf6 19. Rc1 a5 20. b5 Na7 21. a4 b6 22. Nc4 Bc5 23. Qd3 g6 24. f4 Rc7 25. Rc2 Rf8 26. Rfc1 Qe7 27. Kh1 Rf7 28. Ne5 Rg7 29. Qb3 Qf6 30. Nf3 Nc8 31. Ng5 Rge7 32. Bd3 Nd6 33. Bc4 Nxc4 34. Rxc4 Qf5 35. Nf3 Qe4 36. Qd3 Qxd3 37. exd3 Rcd7 38. Ne5 Rd6 39. Nc6 Rc7 40. Nxa5 bxa5 41. Rxc5 Rxc5 42. Rxc5 Kf7 43. Kg2 h6 44. Rc7+ Kf6 45. Ra7 Rd5 46. Rxa5 Rc5 47. b6 Rxa5 48. b7 Rxa4 49. b8=Q Ra2+ 50. Kf3 1-0

[Event "Quebec op"]
[Site "Montreal CAN"]
[Date "1988.07.31"]
[Round "8"]
[White "Wilkin, Alain"]
[Black "Bergeron, Steeve"]
[Result "1/2-1/2"]
[WhiteElo "1891"]
[BlackElo "1803"]
[PlyCount "66"]
[GameId "2160767912520540"]
[EventDate "1988.07.24"]
[EventType "swiss"]
[EventRounds "8"]
[EventCountry "CAN"]
[SourceTitle "FQE 03"]

1. e4 e5 2. Nf3 Nc6 3. Bb5 a6 4. Ba4 Nf6 5. O-O Be7 6. Re1 b5 7. Bb3 d6 8. c3 O-O 9. h3 Na5 10. Bc2 c5 11. d4 Qc7 12. Nbd2 Re8 13. Nf1 Bf8 14. Ng3 g6 15. b3 c4 16. b4 Nc6 17. d5 Ne7 18. a4 Bd7 19. a5 Nc8 20. Nh2 Bg7 21. Ng4 Rf8 22. Nh6+ Kh8 23. Qf3 Ne7 24. Nf1 Neg8 25. Nxg8 Nxg8 26. g4 Ne7 27. Ng3 f6 28. Kh2 Rf7 29. Be3 Raf8 30. Rg1 Qc8 31. Rg2 f5 32. gxf5 gxf5 33. Bg5 fxe4 1/2-1/2

[Event "Quebec op U1600"]
[Site "Montreal CAN"]
[Date "1988.07.24"]
[Round "1"]
[White "Huot, Roger"]
[Black "Charest, Johanne"]
[Result "1-0"]
[WhiteElo "1533"]
[BlackElo "1388"]
[PlyCount "81"]
[GameId "2160767739201914"]
[EventDate "1988.07.24"]
[EventType "swiss"]
[EventRounds "8"]
[EventCountry "CAN"]
[SourceTitle "EXT 2022"]
[Source "ChessBase"]
[SourceDate "2021.10.06"]
[SourceVersion "1"]
[SourceVersionDate "2021.10.06"]
[SourceQuality "1"]

1. d4 d5 2. Nf3 Nf6 3. e3 e6 4. Bd3 Bd6 5. Nbd2 c6 6. O-O Nbd7 7. Re1 O-O 8. e4 dxe4 9. Nxe4 Nxe4 10. Bxe4 Nf6 11. Bd3 Qc7 12. Ne5 c5 13. c3 b6 14. Bf4 Bb7 15. Qe2 Rfd8 16. Rad1 Bd5 17. Bg5 Be7 18. c4 Bb7 19. Nxf7 Qc6 20. d5 exd5 21. Nxd8 Bxd8 22. cxd5 Qc8 23. Bc4 b5 24. Bxb5 Ba5 25. Qe6+ Qxe6 26. Rxe6 Bxd5 27. Rd6 Bxa2 28. Bxf6 gxf6 29. Ra1 Bc7 30. Rxf6 Rd8 31. Re1 Bf7 32. g3 Ba5 33. Ra1 Bh5 34. Bc4+ Kg7 35. Rf5 Bg6 36. Rxc5 Bb6 37. Re5 Rd7 38. Rae1 Kh6 39. Re6 Rc7 40. b3 Rf7 41. Re7 {...} 1-0

[Event "Quebec op U1600"]
[Site "Montreal CAN"]
[Date "1988.07.25"]
[Round "2"]
[White "Ouaknine, Joel"]
[Black "Perusse, Jacques"]
[Result "1/2-1/2"]
[WhiteElo "1584"]
[BlackElo "1486"]
[PlyCount "121"]
[GameId "2160767912520542"]
[EventDate "1988.07.24"]
[EventType "swiss"]
[EventRounds "8"]
[EventCountry "CAN"]
[SourceTitle "FQE 03"]

1. c4 Nf6 2. Nc3 g6 3. g3 Bg7 4. Bg2 O-O 5. d4 d6 6. Nf3 c5 7. Bg5 Nc6 8. d5 Na5 9. b3 h6 10. Bd2 a6 11. Qc1 Kh7 12. h4 Rb8 13. Qc2 Bf5 14. Ng5+ Kg8 15. e4 Bg4 16. Nh3 b5 17. cxb5 axb5 18. Rb1 e6 19. O-O exd5 20. Nxd5 Nxd5 21. exd5 Bf5 22. Qc1 Bxb1 23. Qxb1 c4 24. Rc1 Rc8 25. Bb4 c3 26. Qd3 Qb6 27. Bf1 Nb7 28. Rc2 Rfe8 29. Qxb5 Qxb5 30. Bxb5 Re4 31. a3 Re1+ 32. Kg2 Rb1 33. Bc4 Rb2 34. Rc1 c2 35. Nf4 Nc5 36. Bxc5 Rxc5 37. Nd3 Rb1 38. Rxc2 Ra5 39. Ra2 Ra1 40. Rxa1 Bxa1 41. a4 Kf8 42. Nb4 Bc3 43. Nc6 Ra8 44. Bb5 Re8 45. a5 Ra8 46. a6 Ke8 47. b4 Kd7 48. Nd4+ Kc8 49. Nc2 Kc7 50. Bd3 Re8 51. b5 Re5 52. Ne3 Bd4 53. Kf3 f5 54. Bc4 Re4 55. Nc2 Bc5 56. Bd3 Re5 57. Ne3 Bxe3 58. fxe3 Rxd5 59. Ke2 Kb6 60. Bc4 Re5 61. Bd3 1/2-1/2